000 00388nam a22001697a 4500
999 _c11595
_d11595
003 OSt
008 221201b ||||| |||| 00| 0 eng d
020 _a9780099477464
082 _a823.912 HUB
100 _aHUXLEY, Aldous
245 _aBrave New World
250 _a1st
260 _aU K
_bPenguin Random House
_c1994
300 _a229 p.
650 _aEnglish
942 _2ddc
_cBK
_01